[Event "Chateauroux op 15th"]
[Site "Chateauroux"]
[Date "2014.10.28"]
[Round "6"]
[White "Sogny, Richard"]
[Black "Gauclain, Loic"]
[Result "0-1"]
[WhiteElo "1624"]
[BlackElo "1675"]
[PlyCount "86"]
[EventDate "2014.10.25"]
[EventType "swiss"]
[EventRounds "7"]
[EventCountry "FRA"]
[SourceTitle "EXT 2015"]
[Source "ChessBase"]
[SourceDate "2014.11.20"]
[SourceVersion "1"]
[SourceVersionDate "2014.11.20"]
[SourceQuality "1"]

1. d4 d5 2. Nf3 Bf5 3. e3 Nf6 4. Nbd2 c5 5. dxc5 e6 6. b4 Nc6 7. c3 Be7 8. Bb5 Qc7 9. Nd4 Bg4 10. Bxc6+ bxc6 11. Qa4 Rc8 12. h3 Bh5 13. 0-0 0-0 14. f4 e5 15. fxe5 Qxe5 16. N2f3 Bxf3 17. Rxf3 Ne4 18. Qc2 Ng5 19. Rf5 Qg3 20. Bb2 g6 21. Rf3 Nxf3+ 22. Nxf3 Bg5 23. Re1 Rce8 24. e4 f5 25. e5 Bf4 26. e6 Rf6 27. Qe2 Rfxe6 28. Qxe6+ Rxe6 29. Rxe6 Kf7 30. Re2 g5 31. c4 g4 32. Ne5+ Kg8 33. hxg4 fxg4 34. Kf1 Qh2 35. Nxg4 Qh1+ 36. Kf2 Qh4+ 37. Kf1 Qxg4 38. Bd4 Bh2 39. Bf2 dxc4 40. g3 Qh3+ 41. Ke1 Bxg3 42. Bxg3 Qxg3+ 43. Kf1 c3 0-1

[Event "La Fere op"]
[Site "La Fere"]
[Date "2010.07.06"]
[Round "5"]
[White "Sogny, Richard"]
[Black "Brobecker, Alain"]
[Result "0-1"]
[WhiteElo "1640"]
[BlackElo "1769"]
[PlyCount "112"]
[EventDate "2010.07.03"]
[EventType "swiss"]
[EventRounds "9"]
[EventCountry "FRA"]
[SourceTitle "CBM 137 Extra"]
[Source "ChessBase"]
[SourceDate "2010.09.01"]
[SourceVersion "1"]
[SourceVersionDate "2010.09.01"]
[SourceQuality "1"]

1. d4 d6 2. c4 g6 3. Nc3 Nf6 4. Bg5 Bg7 5. e4 Nc6 6. Nf3 0-0 7. Be2 e5 8. Nd5 exd4 9. Nxf6+ Bxf6 10. Qd2 Re8 11. Qf4 Bxg5 12. Nxg5 f6 13. Nf3 Ne5 14. Nxd4 Qe7 15. f3 f5 16. 0-0 g5 17. Qd2 f4 18. Rae1 Qf6 19. b3 Bd7 20. Nb5 Rec8 21. Qd5+ Qf7 22. Qxb7 Bc6 23. Qxc8+ Rxc8 24. Nxa7 Ra8 25. Nxc6 Nxc6 26. c5 Ne5 27. cxd6 cxd6 28. Ra1 Qa7+ 29. Kh1 Qe3 30. Rfe1 Nd3 31. Bxd3 Qxd3 32. b4 Ra4 33. Red1 Rxa2 34. Rab1 Qe2 35. Rg1 Rb2 36. Rbd1 Qa6 37. Rd5 h6 38. Rgd1 Rxb4 39. h3 Rb6 40. e5 dxe5 41. Rxe5 Kf7 42. Rde1 Qa2 43. R5e2 Rb2 44. Re7+ Kf6 45. Rc7 Rb1 46. Rc6+ Kg7 47. Rc7+ Kg6 48. Rc6+ Kh5 49. Rxb1 Qxb1+ 50. Kh2 Qb5 51. Rc2 Kg6 52. Rd2 h5 53. Rd6+ Kf5 54. Rh6 Qe8 55. Rxh5 Qxh5 56. g4+ fxg3+ 0-1

[Event "La Fere op"]
[Site "La Fere"]
[Date "2010.07.03"]
[Round "1"]
[White "Swiercz, Sonia"]
[Black "Sogny, Richard"]
[Result "1-0"]
[WhiteElo "1774"]
[BlackElo "1640"]
[PlyCount "109"]
[EventDate "2010.07.03"]
[EventType "swiss"]
[EventRounds "9"]
[EventCountry "FRA"]
[SourceTitle "CBM 137 Extra"]
[Source "ChessBase"]
[SourceDate "2010.09.01"]
[SourceVersion "1"]
[SourceVersionDate "2010.09.01"]
[SourceQuality "1"]

1. e4 e6 2. d4 d5 3. exd5 exd5 4. Nf3 Be7 5. Nc3 Bf5 6. Bd3 Bxd3 7. Qxd3 c6 8. Bf4 Nf6 9. 0-0 0-0 10. Ng5 h6 11. Nh3 Nbd7 12. Ne2 Nh7 13. Ng3 g5 14. Bd2 Bd6 15. Nf5 Bc7 16. Nxh6+ Kh8 17. Qf5 f6 18. f4 gxf4 19. Nxf4 Bxf4 20. Rxf4 Qe7 21. Re1 Qg7 22. Rg4 Ng5 23. Rh4 Nh7 24. Re3 Rae8 25. Rg3 Qe7 26. Re3 Qg7 27. Rxe8 Rxe8 28. Qh5 Re7 29. Rg4 Qf8 30. Rg8+ Qxg8 31. Nxg8 Kxg8 32. Bh6 Ndf8 33. Bxf8 Kxf8 34. Qf5 Ke8 35. h4 Kd8 36. h5 Rf7 37. h6 Ng5 38. b3 Kc7 39. c4 dxc4 40. bxc4 b6 41. a4 a6 42. g4 Nh7 43. d5 cxd5 44. cxd5 Ng5 45. Qc2+ Kb8 46. Kg2 Rh7 47. d6 Rxh6 48. Qc7+ Ka8 49. d7 Nf7 50. d8Q+ Nxd8 51. Qxd8+ Kb7 52. Qf8 Rh7 53. Qxf6 b5 54. axb5 axb5 55. g5 1-0